Statistiques concernant Communes en "heim" d'Alsace

Cliquez ici pour prendre le quiz!

Statistiques générales

  • Ce quiz a été pris 438 fois
    (407 depuis la dernière actualisation)
  • Le résultat moyen est 35 sur 247

Réponses sur la Carte

Les réponses sont colorées sur une échelle allant du rouge au vert en fonction du pourcentage des utilisateurs qui les ont devinées à leur premier essai. Vous pouvez retrouver ces pourcentages ci-dessous.
 

Statistiques - réponses

ArrondissementCommune% Correct
MolsheimMolsheim
61%
StrasbourgSchiltigheim
55%
StrasbourgBischheim
48%
ErsteinLingolsheim
40%
MulhouseWittenheim
40%
GuebwillerFessenheim
38%
StrasbourgVendenheim
38%
StrasbourgFessenheim-le-Bas
37%
StrasbourgHœnheim
37%
HaguenauNiederschaeffolsheim
36%
MulhouseRixheim
35%
StrasbourgSouffelweyersheim
33%
ErsteinGeispolsheim
32%
MolsheimRosheim
32%
StrasbourgMundolsheim
31%
SélestatMarckolsheim
30%
MolsheimMarlenheim
30%
StrasbourgTruchtersheim
30%
ColmarEguisheim
28%
HaguenauRoppenheim
28%
HaguenauSoufflenheim
28%
ColmarWintzenheim
28%
StrasbourgWintzenheim-Kochersberg
28%
RibeauvilléBergheim
27%
MolsheimDorlisheim
27%
ErsteinFegersheim
27%
HaguenauHerrlisheim
27%
MulhouseKingersheim
27%
ColmarTurckheim
27%
ErsteinEntzheim
26%
GuebwillerEnsisheim
25%
StrasbourgOberschaeffolsheim
25%
MulhouseRiedisheim
25%
ThannWittelsheim
25%
MolsheimErnolsheim-Bruche
24%
SaverneErnolsheim-lès-Saverne
24%
StrasbourgGambsheim
24%
MolsheimGriesheim-près-Molsheim
24%
StrasbourgGriesheim-sur-Souffel
24%
StrasbourgIttenheim
24%
SélestatKintzheim
24%
ErsteinKrautergersheim
24%
StrasbourgAchenheim
23%
HaguenauDrusenheim
23%
StrasbourgEckbolsheim
23%
StrasbourgFurdenheim
23%
StrasbourgWolfisheim
23%
ErsteinPlobsheim
22%
StrasbourgMommenheim
21%
MolsheimBischoffsheim
20%
ErsteinDuttlenheim
20%
StrasbourgQuatzenheim
20%
MulhouseBartenheim
19%
StrasbourgLampertheim
19%
ColmarAndolsheim
18%
MulhouseBattenheim
18%
SélestatEbersheim
18%
ErsteinHoltzheim
18%
ErsteinHuttenheim
18%
ErsteinLipsheim
18%
MulhouseSausheim
18%
ColmarBiesheim
17%
ErsteinGerstheim
17%
MulhouseHabsheim
17%
ErsteinInnenheim
17%
ErsteinKogenheim
17%
ErsteinMatzenheim
17%
RibeauvilléOstheim
17%
GuebwillerPfaffenheim
17%
StrasbourgSchwindratzheim
17%
StrasbourgWeyersheim
17%
MolsheimAvolsheim
16%
RibeauvilléBeblenheim
16%
WissembourgBeinheim
16%
StrasbourgBreuschwickersheim
16%
StrasbourgDingsheim
16%
ErsteinDuppigheim
16%
GuebwillerIssenheim
16%
MolsheimNordheim
16%
MulhouseOttmarsheim
16%
HaguenauSessenheim
16%
ErsteinUttenheim
16%
MulhouseBlotzheim
15%
MolsheimDinsheim
15%
GuebwillerMeyenheim
15%
SélestatMittelbergheim
15%
StrasbourgMittelschaeffolsheim
15%
StrasbourgPfulgriesheim
15%
MulhouseZillisheim
15%
MolsheimErgersheim
14%
GuebwillerNiederhergheim
14%
ErsteinObenheim
14%
StrasbourgOffenheim
14%
StrasbourgWillgottheim
14%
SaverneAltenheim
13%
SélestatArtolsheim
13%
SélestatBaldenheim
13%
StrasbourgBernolsheim
13%
ErsteinBlaesheim
13%
MolsheimDahlenheim
13%
MulhouseDidenheim
13%
StrasbourgDossenheim-Kochersberg
13%
SaverneDossenheim-sur-Zinsel
13%
StrasbourgEckwersheim
13%
MulhouseHégenheim
13%
SélestatHilsenheim
13%
ErsteinHindisheim
13%
StrasbourgHurtigheim
13%
RibeauvilléIngersheim
13%
ColmarJebsheim
13%
ErsteinMeistratzheim
13%
ErsteinSchaeffersheim
13%
MolsheimScharrachbergheim
13%
StrasbourgSchnersheim
13%
StrasbourgStutzheim
13%
GuebwillerUngersheim
13%
StrasbourgWingersheim
13%
ErsteinBoofzheim
12%
MolsheimDangolsheim
12%
ColmarHerrlisheim-près-Colmar
12%
ErsteinIchtratzheim
12%
RibeauvilléKientzheim
12%
MolsheimKirchheim
12%
StrasbourgKuttolsheim
12%
HaguenauRountzenheim
12%
RibeauvilléSigolsheim
12%
SélestatWittisheim
12%
StrasbourgWiwersheim
12%
HaguenauAuenheim
11%
MulhouseBaldersheim
11%
GuebwillerBlodelsheim
11%
StrasbourgHandschuhheim
11%
StrasbourgKolbsheim
11%
HaguenauLeutenheim
11%
ErsteinLimersheim
11%
GuebwillerOberhergheim
11%
GuebwillerPulversheim
11%
MulhouseWaltenheim
11%
StrasbourgWaltenheim-sur-Zorn
11%
ColmarWettolsheim
11%
StrasbourgWilwisheim
11%
SélestatBindernheim
10%
StrasbourgGeudertheim
10%
StrasbourgGougenheim
10%
SaverneHerbitzheim
10%
ErsteinHipsheim
10%
StrasbourgKleinfrankenheim
10%
ColmarKunheim
10%
SaverneLandersheim
10%
SélestatMackenheim
10%
GuebwillerMerxheim
10%
HaguenauMietesheim
10%
MolsheimOdratzheim
10%
MolsheimTraenheim
10%
HaguenauWahlenheim
10%
MolsheimWolxheim
10%
ErsteinBourgheim
9%
SélestatDiebolsheim
9%
StrasbourgDuntzenheim
9%
ColmarGrussenheim
9%
ErsteinHerbsheim
9%
StrasbourgKienheim
9%
StrasbourgMelsheim
9%
ColmarMuntzenheim
9%
SélestatOhnenheim
9%
StrasbourgPfettisheim
9%
GuebwillerReguisheim
9%
StrasbourgRumersheim
9%
GuebwillerRumersheim-le-Haut
9%
ErsteinSermersheim
9%
SélestatStotzheim
9%
SaverneWaldolwisheim
9%
MulhouseZimmersheim
9%
StrasbourgBilwisheim
8%
ErsteinBolsenheim
8%
ColmarDessenheim
8%
SélestatElsenheim
8%
WissembourgForstheim
8%
ErsteinFriesenheim
8%
ThannGuewenheim
8%
WissembourgIngolsheim
8%
StrasbourgIttlenheim
8%
StrasbourgKriegsheim
8%
StrasbourgWickersheim
8%
ColmarArtzenheim
7%
StrasbourgAvenheim
7%
MulhouseBantzenheim
7%
GuebwillerGundolsheim
7%
SélestatHeidolsheim
7%
StrasbourgHohatzenheim
7%
StrasbourgHohfrankenheim
7%
SaverneImbsheim
7%
StrasbourgIngenheim
7%
SaverneMaennolsheim
7%
StrasbourgMinversheim
7%
StrasbourgOlwisheim
7%
GuebwillerRaedersheim
7%
MulhouseRuelisheim
7%
StrasbourgSaessolsheim
7%
ThannSentheim
7%
MulhouseUffheim
7%
ColmarVolgelsheim
7%
AltkirchWalheim
7%
HaguenauBerstheim
6%
WissembourgBiblisheim
6%
GuebwillerBiltzheim
6%
SélestatBootzheim
6%
MulhouseBrinckheim
6%
StrasbourgFriedolsheim
6%
StrasbourgGingsheim
6%
SaverneGottesheim
6%
SélestatHessenheim
6%
SaverneLittenheim
6%
ColmarLogelheim
6%
ColmarNambsheim
6%
StrasbourgNeugartheim
6%
ColmarObersaasheim
6%
SélestatRichtolsheim
6%
StrasbourgRottelsheim
6%
SélestatSaasenheim
6%
SaverneSiltzheim
6%
AltkirchTagolsheim
6%
ErsteinWitternheim
6%
HaguenauWittersheim
6%
StrasbourgWœllenheim
6%
SaverneZeinheim
6%
ColmarAlgolsheim
5%
ColmarBaltzenheim
5%
StrasbourgBehlenheim
5%
StrasbourgBietlenheim
5%
StrasbourgDonnenheim
5%
HaguenauKauffenheim
5%
ErsteinObernai (Oberehnheim)
5%
SavernePrintzheim
5%
StrasbourgScherlenheim
5%
SaverneSchweinheim
5%
SaverneWolschheim
5%
GuebwillerWuenheim
5%
SaverneZittersheim
5%
ThannCernay (Sennheim)
4%
SaverneKnœrsheim
4%
ErsteinNiedernai (Niederehnheim)
4%
SélestatSchwobsheim
4%
SaverneRiedheim
3%
ColmarUrschenheim
3%
MolsheimWasselonne (Wasselnheim)
3%
ColmarWeckolsheim
3%

Distribution des résultats

Percentile par nombre de réponses

% des personnes avec chaque résultat

Votre développement - résultats

Vous n’avez pas pris ce quiz depuis la dernière actualisation